<?xml version="1.0" encoding="UTF-8"?>
<collection xmlns="http://www.loc.gov/MARC21/slim">
 <record>
  <leader>01658nam a2200229 a 4500</leader>
  <controlfield tag="001">TVCDKTCT5193</controlfield>
  <controlfield tag="003">Thư viện trường Cao đẳng Kỹ thuật Cao Thắng</controlfield>
  <controlfield tag="005">20060504000000</controlfield>
  <controlfield tag="008">060504</controlfield>
  <datafield tag="980" ind1="\" ind2="\">
   <subfield code="a">Thư viện Trường CĐ Kỹ Thuật Cao Thắng</subfield>
  </datafield>
  <datafield tag="024" ind1=" " ind2=" ">
   <subfield code="a">RG_1 #1 eb0 i1 i5</subfield>
  </datafield>
  <datafield tag="041" ind1="0" ind2="#">
   <subfield code="a">vie</subfield>
  </datafield>
  <datafield tag="082" ind1="#" ind2="#">
   <subfield code="a">621.387 / </subfield>
   <subfield code="b">NG527TH-gi</subfield>
  </datafield>
  <datafield tag="100" ind1="1" ind2="#">
   <subfield code="a">Nguyễn Thị Thu Thủy</subfield>
  </datafield>
  <datafield tag="245" ind1="0" ind2="0">
   <subfield code="a">Giáo trình tổng đài điện tử số /</subfield>
   <subfield code="c">Nguyễn Thị Thu Thủy</subfield>
  </datafield>
  <datafield tag="250" ind1="#" ind2="#">
   <subfield code="a">In lần thứ 1</subfield>
  </datafield>
  <datafield tag="260" ind1="#" ind2="#">
   <subfield code="a">H. :</subfield>
   <subfield code="b">Hà Nội ,</subfield>
   <subfield code="c">2005</subfield>
  </datafield>
  <datafield tag="300" ind1="#" ind2="#">
   <subfield code="a">247tr. ;</subfield>
   <subfield code="c">24cm</subfield>
  </datafield>
  <datafield tag="520" ind1="#" ind2="#">
   <subfield code="a">Trong những năm gần đây, nền công nghệ viễn thông trên thế giới có những bước phát triển đáng kể. Nhờ đó chúng ta có thể trao đổi thông tin ở mọi lúc, mọi nơi bằng các hình thức khác nhau. Mạng viễn thông đã trở thành một trong những thành phần cơ bản của hạ tầng cơ sở, góp phần thúc đẩy nền kinh tế phát triển và nâng cao đời sống văn hóa cho toàn xã hội. </subfield>
  </datafield>
  <datafield tag="520" ind1="#" ind2="#">
   <subfield code="a">         Nội dung cuốn sách cung cấp những kiến thức cơ bản, cần thiết về cấu trúc phần cứng, phần mềm của một số chủng loại tổng đài điện tử số thông dụng trên mạng viễn thông Việt Nam.</subfield>
  </datafield>
  <datafield tag="650" ind1="#" ind2="4">
   <subfield code="a">Điện thoại viễn thông--Giáo trình</subfield>
  </datafield>
  <datafield tag="650" ind1="#" ind2="4">
   <subfield code="a">Tổng đài--Điện thoại--Mạng viễn thông</subfield>
  </datafield>
 </record>
</collection>
